• 首页
  • 本馆介绍
  • 公告通知
  • 最新文献
  • 馆藏检索
  • 电子资源
  • 读者导购
  • 参考咨询
  • 我的图书馆
  • 登录
  • 详细信息显示
  • 放入我的书架
  • 预约/预借图书
  • 作者相关作品
  • 分类相关作品
  • 丛书相关作品
  • 出版社相关作品

书目信息

  • 表格格式
  • 工作单格式
  • 卡片格式
题名:
Java程序设计
    
 
作者: 高晓黎 编著
分册:  
出版信息: 北京   清华大学出版社  2015
页数: 353页
开本: 26cm
丛书名:
单 册:
中图分类: TP312JA-43 , TP312
科图分类:
主题词: JAVA语言--程序设计--高等职业教育--教材
电子资源:
ISBN: 978-7-302-39540-9
000 00973nam0 2200277 450
001 214
005 20180925104032.67
010    @a978-7-302-39540-9@dCNY41.00
100    @a20151101d2015 em y0chiy50 ea
101 0  @achi
102    @aCN@b110000
105    @ay az 000yy
200 1  @aJava程序设计@9Java cheng xu she ji@f高晓黎编著
205    @a2版
210    @a北京@c清华大学出版社@d2015
215    @a353页@d26cm
300    @a高职高专立体化教材计算机系列
307    @a实际页数为:354
320    @a有书目(第354页)
330    @a全书共分12章,包含了75个精心创作或改编的案例和实例。主要内容包括:开发环境的搭建,面向对象的编程,Java编程基础,字符串与数组,抽象与封装,继承与多态,异常处理,图形化用户界面设计,事件处理,GUI应用开发,输入输出流,数据库应用开发等。
606 0  @aJAVA语言@x程序设计@x高等职业教育@j教材
690    @aTP312JA-43@v5
690    @aTP312@v4
701  0 @a高晓黎@9gao xiao li@4编著
801  0 @aCN@b91MARC@c20151101
905    @aMuseLib@dTP312@e1290=2
    
    Java程序设计/高晓黎编著.-2版.-北京:清华大学出版社,2015
    353页;26cm
    高职高专立体化教材计算机系列
    
    ISBN 978-7-302-39540-9:CNY41.00
    全书共分12章,包含了75个精心创作或改编的案例和实例。主要内容包括:开发环境的搭建,面向对象的编程,Java编程基础,字符串与数组,抽象与封装,继承与多态,异常处理,图形化用户界面设计,事件处理,GUI应用开发,输入输出流,数据库应用开发等。
●
相关链接 在E读中查询图书 在五车中查询图书 在当当中查询图书 在豆瓣中查询图书


正题名:Java程序设计     索取号:TP312/1290=2         预约/预借

序号 登录号 条形码 馆藏地/架位号 状态 备注
1 1118804   211188043   第二样本阅览室/ [索取号:TP312/1290=2] 在馆    
2 1118805   211188052   第三借阅区/ [索取号:TP312/1290=2] 在馆    
3 1118806   211188061   第三借阅区/ [索取号:TP312/1290=2] 在馆    
4 1118807   211188070   第三借阅区/ [索取号:TP312/1290=2] 在馆    
5 1118808   211188089   第三借阅区/ [索取号:TP312/1290=2] 在馆    
唐山师范学院图书馆 欢迎您!
大连网信软件有限公司© 版权所有